|
|
|
|
| LEADER |
00000nam a2200000 a 4500 |
| 001 |
vtls009336783 |
| 003 |
SK-MaSNL |
| 005 |
20260301170946.0 |
| 008 |
240315s2008 xo a d 000 pdslo |
| 015 |
|
|
|a SNBA2008/10-04864
|
| 020 |
|
|
|a 9788089030361
|q (brož.)
|
| 035 |
|
|
|a urn:nbn:sk:snk-am00cvyg
|
| 035 |
|
|
|a urn:nbn:sk:snk-am3hnqj
|
| 035 |
|
|
|a 16874B04-6657-4359-B27C-12614E542E38
|
| 040 |
|
|
|a SNK
|b slo
|c SNK
|e AACR2
|
| 041 |
0 |
|
|a slo
|a scr
|b eng
|
| 044 |
|
|
|a xo
|c SK
|
| 072 |
|
7 |
|a 81
|x Lingvistika. Jazyky
|2 konspekt
|
| 080 |
|
|
|a 316.344.8(=16)
|2 2001
|
| 080 |
|
|
|a 821.162.4-1
|2 2001
|
| 080 |
|
|
|a 821.163.42-1
|2 2001
|
| 080 |
|
|
|a 821.163.41-1
|2 2001
|
| 080 |
|
|
|a 81`255.4
|2 2001
|
| 080 |
|
|
|a 82.091
|2 2001
|
| 080 |
|
|
|a (082)
|2 2001
|
| 080 |
|
|
|a (0.027)=030
|2 2001
|
| 100 |
1 |
|
|a Jankovič, Ján,
|d 1943-2021
|4 aut
|9 85876
|
| 245 |
1 |
0 |
|a Adaptabilita poézie hviezdneho obdobia
|c Ján Jankovič ; [preklad do chorvátčiny Maria Kursar]
|
| 246 |
1 |
1 |
|a Prilagodljivost pjesništva zvjezdanoga razdoblja
|
| 250 |
|
|
|a 1. vyd.
|
| 260 |
|
|
|a Bratislava
|b Vydavateľstvo Jána Jankoviča
|c 2008
|
| 300 |
|
|
|a 214 s.
|b ilustr.
|c 28 cm
|
| 500 |
|
|
|a Spoluvyd. Ústav svetovej literatúry SAV a Slavistický ústav Jána Stanislava SAV
|
| 500 |
|
|
|a Tir. aj chorv.
|
| 500 |
|
|
|a Biogr. údaje
|
| 500 |
|
|
|a Dvojjazyčné vydanie
|
| 500 |
|
|
|a Texty príl. v rôz. jazykoch
|
| 504 |
|
|
|a Bibliogr. s. 210-212. Pozn.
|
| 546 |
|
|
|a Súbež. názov a text chorv. Res. angl.
|
| 648 |
|
7 |
|a 19. stor.
|2 SNKPH
|9 278793
|
| 650 |
0 |
7 |
|a slovanstvo
|2 SNKPH
|9 15139
|
| 650 |
0 |
7 |
|a slovenská poézia
|2 SNKPH
|9 215422
|
| 650 |
0 |
7 |
|a chorvátska poézia
|2 SNKPH
|9 82748
|
| 650 |
0 |
7 |
|a srbská poézia
|2 SNKPH
|9 66705
|
| 650 |
0 |
7 |
|a literárny preklad
|2 SNKPH
|9 28595
|
| 650 |
0 |
7 |
|a literárne vplyvy
|2 SNKPH
|9 66548
|
| 655 |
|
7 |
|a zborníky
|2 SNKPH
|9 70165
|
| 655 |
|
7 |
|a dvojjazyčné vydania
|2 SNKPH
|9 79030
|
| 700 |
1 |
|
|a Kursar, Maria
|4 trl
|9 45138
|
| 919 |
|
|
|a 978-80-89030-36-1
|
| 958 |
|
|
|a OND
|
| 958 |
|
|
|a NB
|
| 968 |
|
|
|d 82
|
| 999 |
|
|
|c 829263
|d 831193
|
| 952 |
|
|
|a SNK
|b SNK
|y VYP
|7 0
|p 17A0599061
|o snkSB 76659 D1
|i snk2008/17250
|8 0
|0 0
|1 0
|4 0
|d 2008-09-22
|f 1
|l 0
|r 2016-06-30 00:00:00
|w 2026-02-24
|
| 952 |
|
|
|a SNK
|b SNK
|y PREZ
|7 0
|p 17A0599060
|o snkSB 76659
|i snk2008/17249
|8 0
|0 0
|1 0
|4 0
|d 2008-09-22
|l 0
|r 2017-06-30 00:00:00
|w 2026-02-24
|